• 首页
  • 本馆介绍
  • 公告通知
  • 最新文献
  • 馆藏检索
  • 电子资源
  • 读者导购
  • 参考咨询
  • 我的图书馆
  • 登录
  • 详细信息显示
  • 放入我的书架
  • 预约/预借图书
  • 作者相关作品
  • 分类相关作品
  • 丛书相关作品
  • 出版社相关作品

书目信息

  • 表格格式
  • 工作单格式
  • 卡片格式
题名:
实验室溶液制备手册
    
 
作者: 李云巧 编著
分册:  
出版信息: 北京   化学工业出版社  2006
页数: 41,928页
开本: 27cm
丛书名:
单 册:
中图分类: TQ016.5
科图分类:
主题词: 实验室--溶液--制备--基本知识 , 实验室 , 溶液
电子资源:
ISBN: 7-5025-8506-0
000 00835nam0 2200253 450
001 012007244761
005 20070517115210.12
010    @a7-5025-8506-0@b精装@dCNY129.00
100    @a20070512d2006 km y0chiy0120 ea
101 0  @achi
102    @aCN@b110000
105    @ay z 001yy
106    @ar
200 1  @a实验室溶液制备手册@Ashi yan shi rong ye zhi bei shou ce@f李云巧编著@Fli yun qiao bian zhu
210    @a北京@c化学工业出版社@d2006
215    @a41,928页@d27cm
330    @a本书介绍了实验室的配制溶液、试剂的方法、步骤、溶液储存、标定以及仪器的使用与校准、标准物质的应用和溶液浓度表示与计算。
606 0  @a实验室@x溶液@x制备@x基本知识
606 0  @a实验室
606 0  @a溶液
690    @aTQ016.5@v4
701  0 @a李云巧@Ali yun qiao@c(女,@f1962.10~)@4编著
801  0 @aCN@bRULIN@c20070517
905    @dTQ016.5@e110@s2
    
    实验室溶液制备手册/李云巧编著.-北京:化学工业出版社,2006
    41,928页;27cm
    
    
    ISBN 7-5025-8506-0(精装):CNY129.00
    本书介绍了实验室的配制溶液、试剂的方法、步骤、溶液储存、标定以及仪器的使用与校准、标准物质的应用和溶液浓度表示与计算。
●
相关链接 在E读中查询图书 在五车中查询图书 在当当中查询图书 在豆瓣中查询图书


正题名:实验室溶液制备手册     索取号:TQ016.5/110         预约/预借

序号 登录号 条形码 馆藏地/架位号 状态 备注
1 0575001   205750016   第二样本阅览室/ [索取号:TQ016.5/110] 在馆    
2 0575002   205750025   第三借阅区/ [索取号:TQ016.5/110] 在馆    
唐山师范学院图书馆 欢迎您!
大连网信软件有限公司© 版权所有